00457nam a22001577a 4500020002600000035001700026037002100043082001300064100002400077245004600101260004800147270004500195300001600240490002200256700002100278 a9789386296979c250.00 aB-687396-398 bUppal Book Store a820.9008 aBorgohain, Pradipta aVictroian Literature/cPradipta Borgohain aHyderabadbOrient Blackswan Pvt. Ltd.c2017 a3-6-752 HimayatnagarbHyderabad e500013 a225p.b22cm aLiterary Contexts aNayar, Pramod K.